000 00674nam a22002417a 4500
001 87130
003 UA-OsUOA
005 20211019180418.0
007 ta
008 20120914b un ||||| |||| 00| 0 ukr d
020 _a5-235-00222-9
040 _aUA-OsUOA
_brus
_cUA-OsUOA
_dUA-OsUOA
041 _arus
080 _a82.09(470+571)
090 _a82.09(470+571)
_bТ98
100 _aТюнькин К.
245 _aСалтыков-Щедрин
260 _aМ.
_bМолодая гвардия
_c1989
300 _a621 с.
650 7 _a82.09 Літературна критика. Літературні дослідження
_2UDC
942 _cBK
_2udc
955 _a3
999 _c317053
_d317053